00285nam a22000857a 4500100002100000245011000021260004200131300000800173490001800181 aFernando,P.U.A.I aDetermination of Arsenic Content in Synthetic and Organic Manure Based Fertilizers Available in Sri Lanka aColombobInstitute of chemistryc2012 a52p aDessertations